书目信息 |
| 书名: | 我记南京屠杀 | |
| 作者: | 曾根一夫. | |
| 分册号: | ||
| 分册名: | 出版地: | 东京 : |
|
| 出版社: | 株式会社彩流社 | |
| 出版时间: | ||
| 页数: | 229 p. ; | |
| 开本: | 20cm. | |
| 丛书名: | ||
| 中图分类号: | ||
| 科图分类号: | ||
| 其他分类号: | K313.5 | |
| 主题词: | ||
| 电子资源: | ||
| 000 | 00345nam 2200145 a 4500 | |
| 001 | E0762399591 | |
| 005 | 20070728172317.96 | |
| 008 | 070728s 00010 eng | |
| 040 | @aPFT@beng | |
| 090 | @aK313.5 | |
| 099 | @dK313.5@ex11 | |
| 245 | 1 | @a我记南京屠杀 / @c曾根一夫. |
| 260 | @a东京 :@b株式会社彩流社. | |
| 300 | @a229 p. ;@c20cm. | |
| 650 | @a战争 | |
| 我记南京屠杀 / / 曾根一夫.-东京 : : 株式会社彩流社. |
| 229 p. ; ; 20cm. |
| ISBN |
| ● |
| 相关链接 |
|
|
|
|
正题名:我记南京屠杀
索取号:K313.5/x11
 
预约/预借
| 序号 | 登录号 | 条形码 | 馆藏地/架位号 | 状态 | 备注 |
| 1 | 0014609 | 300146090 | 第二样本阅览室/ [索取号:K313.5/x11] | 在馆 |